Normal view
MARC view
- Khan, Tahawar Ali,
Entry Personal Name
001 - CONTROL NUMBER
- control field: 5843
003 - CONTROL NUMBER IDENTIFIER
- control field: NUST
005 - DATE AND TIME OF LATEST TRANSACTION
- control field: 20171102112356.0
008 - FIXED-LENGTH DATA ELEMENTS
- fixed length control field: 171102|| aca||aabn | a|a d
040 ## - CATALOGING SOURCE
- Original cataloging agency: NUST
- Transcribing agency: NUST
100 ## - HEADING--PERSONAL NAME
- Personal name: Khan, Tahawar Ali,
- Titles and other words associated with a name: khan,
- Dates associated with a name: 1928?- [from old catalog]
- Relator term: ed.
670 ## - SOURCE DATA FOUND
- Source citation: Work cat.: (NUST)0: Biographical encyclopedia of Pakistan., 1956
